| 000 | 00366nam a22001337a 4500 | ||
|---|---|---|---|
| 082 |
_a668.4 _bMIE _cL-7, P-11. |
||
| 100 |
_aMienes, Karl. _944874 |
||
| 245 |
_aPlastics in Europe. _cKarl Mienes. |
||
| 260 |
_aLondon. : _bTemple press books _c1964. |
||
| 300 |
_a118 p. : _c18 cm |
||
| 526 |
_a0 _b0 _c0 _d668_400000000000000_MIE |
||
| 650 |
_aMCE _9379 |
||
| 942 |
_2ddc _cBK |
||
| 999 |
_c548525 _d548525 |
||